000 00279nam a2200121Ia 4500
008 190216s9999||||xx |||||||||||||| ||und||
100 _aTaussig F W
245 0 _aPrinciples Of Economics
260 _bMagmillan &co Ltd
_c1946
300 _a595p
650 _aCommerce
942 _cBK
999 _c4459
_d4459